000 00707cab a2200229 4500
001 WB3409-22
008 090401t1998 xxu||||| |||| 00| 0 eng d
035 _a(Sirsi) u84678
041 _aeng
245 _aFar East affects London home sales
260 _c1998
350 _a0
490 _aSunday Business
_v1 March 1998, 30(1)
520 _aThe financial crisis in the Far East in 1997 appears to have resulted in increased selling of property owned by Asian investors, creating a potential bonanza for UK buyers.
650 _aCENTRAL LONDON
650 _aFAR EAST
650 _aFOREIGN INVESTORS
650 _aHOUSING INVESTMENT
690 _aHOUSING
942 _n0
948 _c04/03/1998
999 _c53244
_d53244